01293 2200385 4500001002100000005001500021035002000036007000300056008004100059020002200100100003400122245018900156250003200345300003000377700002900407700002900436700003200465700002800497700002800525700003100553700003400584264003200618336002100650337003000671338002300701040002200724082001500746084001700761090002200778650002600800850001200826504002500838999002200863990002200885INLIS00000000087942920230621102028 a0010-0623000502ta230621s2023 yoi g ind d a978-623-02-6327-90 aSri Ayatina HayatiePengarang1 aKonseling keluarga :bteori dan praktik /cSri Ayatina Hayati, Riya Andriana, Tiya Indriani, Nera Kumala Sari, Siti Halimah, Norhandayani; penyunting, Ainun Heiriyah, Eka Sri Handayani aCetakan pertama: April 2023 axii, 412 halaman ;c23 cm0 aRiya AndrianaePengarang0 aTiya IndrianiePengarang0 aNera Kumala SariePengarang0 aSiti HalimahePengarang0 aNorhandayaniePengarang0 aAinun HeiriyahePenyunting0 aEka Sri HandayaniePenyunting aSleman :bDeepublish,c2023 2rdacontentateks 2rdamediaatanpa perantara 2rdacarrieravolume aYOPDYOGbinderda04223a362.82 a362.82 SRI k aCB-D.11 2023-0928 4aKeluarga--xKonseling aYOPDYOG aTermasuk bibliografi aCB-D.11/2023-0928 aCB-D.11/2023-0928